Non Existing FIFA Countries - Statistics

General Stats
  • This quiz has been taken 66 times
  • The average score is 5 of 8
Answer Stats
Debuting Year Country % Correct
1930 Yugoslavia
82%
1958 Soviet Union
79%
1974 East Germany
71%
1934 Czechoslovakia
65%
1954 Scotland
50%
1958 Northern Ireland
48%
1950 England
47%
1958 Wales
47%
No matching quizzes found
Score Distribution
Percent of People with Each Score
Percentile by Number Answered
Your Score History
You have not taken this quiz